Statistiques concernant Villes de Lorraine par département

Cliquez ici pour prendre le quiz!

Statistiques générales

  • Ce quiz a été pris 43 fois
  • Le résultat moyen est 12 sur 20

Statistiques - réponses

VillePopulation% Correct
Metz120 874
100%
Nancy104 260
100%
Bar-le-Duc14 668
85%
Épinal32 285
85%
Thionville42 163
85%
Verdun16 689
75%
Forbach21 130
65%
Saint-Dié-des-Vosges19 319
65%
Toul15 849
63%
Gérardmer7 833
58%
Vandœuvre-lès-Nancy29 537
58%
Lunéville17 755
55%
Longwy15 191
53%
Sarreguemines20 624
53%
Commercy5 319
45%
Montigny-lès-Metz21 854
40%
Thaon-les-Vosges8 513
30%
Saint-Mihiel3 924
23%
Golbey8 849
15%
Ligny-en-Barrois3 803
13%

Distribution des résultats

Percentile par nombre de réponses

% des personnes avec chaque résultat

Votre développement - résultats

Vous n’avez pas pris ce quiz